| 000 | 01013pam a2200337 a 4500 | ||
|---|---|---|---|
| 001 | 4206331 | ||
| 003 | OSt | ||
| 005 | 20140310182003.0 | ||
| 008 | 810812s1982 nyu j 000 1 eng | ||
| 010 | _a 81013883 | ||
| 020 |
_a0394848993 (pbk.) : _c$2.50 |
||
| 040 |
_aDLC _cDLC _dDLC |
||
| 042 | _alcac | ||
| 050 | 0 | 0 |
_aPZ 5 _b.H674 1982 |
| 082 | 0 | 0 |
_aKF _bH63m 1965 |
| 100 |
_aHitchcock, Alfred _95342 |
||
| 245 | 0 | 0 |
_aMonster museum / _cAlfred Hitchcock. |
| 260 |
_aNew York : _bRandom House, _cc1982. |
||
| 300 |
_a213 p. : _c19 cm. |
||
| 541 | _j1 | ||
| 562 | _e1 | ||
| 650 | 0 |
_aMonsters _xJuvenile fiction. _95343 |
|
| 650 | 0 |
_aChildren's stories, American. _94952 |
|
| 650 | 0 |
_aDetective and mystery stories, American. _91742 |
|
| 650 | 1 |
_aMonsters _xFiction. _95344 |
|
| 650 | 1 |
_aMystery and detective stories. _93790 |
|
| 650 | 1 |
_aShort stories. _92265 |
|
| 700 | 1 |
_aHitchcock, Alfred, _d1899-1980. _95345 |
|
| 906 |
_a7 _bcbc _corignew _d1 _eocip _f19 _gy-gencatlg |
||
| 942 |
_2lcc _cBK-KF _kKF |
||
| 999 |
_c8035 _d8035 |
||